[Event "GEO chT Clubs 2017"]
[Site "Tbilisi"]
[Date "2017.12.04"]
[Round "6"]
[White "Nachqebia, Luka"]
[Black "Maghalashvili, Davit"]
[Result "0-1"]
[WhiteElo "2057"]
[BlackElo "2496"]
[Annotator "TA"]
[PlyCount "68"]
[EventDate "2017.??.??"]
[EventCountry "GEO"]
[SourceTitle "playchess.com"]
[Source "ChessBase"]
[SourceQuality "1"]

{[%evp 17,68,0,11,0,6,0,2,0,0,0,6,5,36,7,16,18,10,-13,-8,-86,-79,-97,-87,-132,-70,-66,-73,-84,-64,-73,-62,-63,-19,-19,-19,-19,0,0,0,-11,-14,-100,0,-568,-568,-568,-568,-568,-568,-568,-568,-568,-568]} 1. e4 {[%cal Be2e4,Be4e5][%mdl 32]} c5 2. c3 Nf6 {[%cal Bg8f6,Bf6d5,Bd5b4][%mdl 32]} 3. e5 Nd5 4. Nf3 Nc6 5. d4 cxd4 6. cxd4 d6 7. Bc4 dxe5 8. dxe5 Ndb4 9. Qxd8+ {B22: Sicilian: 2 c3} Nxd8 {LiveBook: 51 Games} 10. Nd4 (10. Na3 Bg4 11. Bd2 Nbc6 12. Bc3 Bxf3 13. gxf3 a6 14. Nc2 e6 15. Bd3 Rc8 16. Be4 Be7 {½-½ (42) Mamedov,R (2655)-Giri,A (2790) Shamkir 2016}) 10... Ndc6 11. Nxc6 {The position is equal.} Nxc6 12. f4 $146 ({Predecessor:} 12. Bf4 e6 13. Nc3 Bb4 14. O-O-O Bxc3 15. bxc3 Bd7 16. Bb3 h6 {1-0 (47) Brinovec,D (2199)-Amon,N (2169) Ptuj 2017}) 12... Bf5 13. O-O Rc8 14. Be3 e6 15. Nc3 a6 16. Be2 g5 17. g4 gxf4 18. gxf5 (18. Rxf4 $11 {keeps the balance.} Bg6 19. Ne4 Nxe5 20. Bd4 Bxe4 21. Bxe5 Bc5+ 22. Kf1) 18... fxe3 $17 19. fxe6 fxe6 20. Rf6 Rg8+ ({Better is} 20... Ke7 $17 {And now ...Bg7 would win.} 21. Kh1 Nxe5) 21. Kh1 $15 {Black must now prevent Bh5+.} Ke7 22. Bc4 Nd4 {[#]} 23. Bxe6 $1 {[%mdl 512]} Nxe6 24. Nd5+ Kd8 {Hoping for ...Rc5.} 25. Rxe6 e2 {...Rc2 is the strong threat.} 26. Nf6 Rc2 {Threatens to win with ...Rd2!} 27. Re8+ (27. Nxg8 $2 Rd2 $19) 27... Kc7 28. Nxg8 Rd2 $36 {[%mdl 2048] aiming for ...Rd1+. Black is more active.} 29. Rc1+ {[#]} ({Don't go for} 29. Rxf8 $2 Rd1+ 30. Rxd1 exd1=Q+ 31. Kg2 Qe2+ 32. Kg1 Qe1+ 33. Kg2 Qxe5 $19) (29. Re1 $1 $11 {remains equal.} Rd1 30. Kg2 Rxe1 31. Kf2) 29... Kb6 (29... Bc5 $1 $17 {Strongly threatening ...Rd1+.} 30. Re1 (30. Rxc5+ $2 Kb6 $19) (30. Re7+ $2 Kd8 $19) 30... Rd1) 30. Rg1 $2 {[%mdl 8192]} (30. Re1 $1 $11 {and White is okay.} Rd1 31. Kg2 Rxe1 32. Kf2) 30... Rd1 $19 {( -> ...Bc5). Black is clearly winning.} 31. Rxf8 Rxg1+ 32. Kxg1 {Kf2 would kill now.} e1=Q+ 33. Rf1 Qe3+ 34. Rf2 Qc1+ {Precision: White = 56%, Black = 56%.} 0-1

[Event "GEO chT Clubs 2017"]
[Site "Tbilisi"]
[Date "2017.12.04"]
[Round "6"]
[White "Licheli, Luka"]
[Black "Gelashvili, Tamaz"]
[Result "1/2-1/2"]
[WhiteElo "2028"]
[BlackElo "2556"]
[Annotator "TA"]
[PlyCount "198"]
[EventDate "2017.??.??"]
[EventCountry "GEO"]
[SourceTitle "playchess.com"]
[Source "ChessBase"]
[SourceQuality "1"]

{[%evp 11,198,-23,0,-26,-11,-34,-35,-27,0,0,0,-12,38,35,44,39,44,48,42,38,74,66,82,0,0,0,0,2,20,-11,41,18,22,20,22,3,10,0,0,0,0,0,0,0,0,0,0,0,0,0,24,0,0,-14,0,0,0,-10,-6,-14,-16,-14,0,0,0,0,0,0,0,0,0,0,0,0,0,0,0,0,0,0,0,0,0,0,0,0,0,0,0,0,0,0,0,0,0,0,0,0,0,0,0,0,0,0,0,0,0,0,0,0,0,0,0,0,0,0,0,0,0,0,0,0,0,0,0,0,0,0,0,0,0,-31,-31,-42,-42,-49,-42,-49,-42,-42,-42,-42,-42,-42,-17,-42,-42,-42,-42,-42,-42,-42,-42,-42,-42,-42,-42,-42,-42,-42,-42,-42,-42,-42,-42,-42,-42,-42,-42,-42,-42,-42,-42,-42,-42,-42,-42,-42,0,0,0,-15,0,0,0,0,0,0,0]} 1. e4 e5 2. Nc3 Nc6 3. Bc4 Nf6 4. d3 Na5 5. Nf3 Nxc4 6. dxc4 d6 {LiveBook: 9 Games} 7. c5 {C28: Vienna Game: 2...Nf6 3 Bc4 Nc6} c6 $146 ({Predecessor:} 7... h6 8. O-O Bg4 9. cxd6 Bxd6 10. h3 Bd7 11. Nh4 O-O 12. Qf3 Qe7 13. Be3 Rfe8 14. Rad1 a5 {½-½ (42) Samsonkin,A (2590)-Kirby,P (2220) Ottawa 2009}) 8. Bg5 {[%cal Bc1g5,Bg5h4,Bh4g3][%mdl 32]} h6 9. Bh4 {Black is slightly better.} g5 10. Bg3 Qc7 11. Qd2 Bg4 12. O-O-O {[%cal Rc5d6]} O-O-O 13. cxd6 Bxd6 14. Qe3 $1 {aiming for Rxd6!} Nd7 15. Qxa7 Bxf3 16. gxf3 f6 17. Na4 ({White should play} 17. h4 $16) 17... b5 $11 18. Qxc7+ $1 (18. Qa8+ Nb8 $15) 18... Kxc7 19. Nc3 b4 20. Ne2 Nb6 ({Better is} 20... h5 $11) 21. h4 c5 22. c3 Kc6 23. hxg5 hxg5 24. b3 c4 25. Rxh8 Rxh8 26. Kb2 Ra8 27. Rh1 cxb3 28. axb3 Nd7 29. Ra1 Rb8 30. Ra6+ Kc7 31. Ra7+ Kd8 32. c4 Bc5 33. Ra6 Ke7 34. Kc2 Nf8 35. Ra5 Ne6 36. Ra4 Nd4+ 37. Nxd4 Bxd4 {[%mdl 4096] Endgame KRB-KRB} 38. Ra5 Rd8 39. Rd5 Ra8 40. Rb5 Bc3 41. Rb6 Ra2+ 42. Kc1 Rd2 43. Rb7+ Ke6 44. Rb6+ Kf7 45. Rb7+ Kg6 46. c5 Rd8 47. Kc2 Rc8 48. Rb5 Kf7 49. Rb7+ Ke8 50. Rb6 Kf7 51. Rb7+ Kg6 52. Rb5 Rc7 53. Kd3 Rd7+ 54. Kc2 Bd4 55. c6 Rc7 56. Rxb4 Rxc6+ 57. Kd3 Rc1 58. Rb7 Rb1 59. Ke2 Bc3 60. Kd3 Bd4 61. Ke2 Bc5 62. Rb5 Be7 63. Rb7 Kf7 64. Kd3 Ke6 65. Kc2 Ra1 66. Kd2 Bc5 67. b4 Bd4 68. Rc7 Rb1 69. Rc4 Rb3 70. Ke2 Kd7 71. b5 Rxb5 72. Kf1 Bc5 73. Ra4 Rb6 74. Kg2 Kc6 75. Ra2 Kd6 76. Rd2+ Ke6 77. Kh3 Kf7 78. Rc2 Bd4 79. Rc7+ Kg6 80. Rd7 Rb4 81. Rc7 Rb1 82. Kg2 Re1 83. Rd7 Re2 84. Kf1 Ra2 (84... Rd2 {seems wilder.} 85. Rc7 Rd1+ 86. Kg2 Rd3 87. Rb7 Bc5) 85. Kg2 Bc5 86. Rc7 Ba7 87. Rd7 Ra3 88. Rc7 Ra4 89. Rd7 Bc5 90. Rc7 Ba3 91. Rb7 Ra6 92. Rc7 Bb2 93. Rb7 Bd4 94. Rc7 f5 95. exf5+ {The position is equal.} Kxf5 96. Rf7+ Kg6 97. Rf8 Ra2 98. Rg8+ Kf6 99. Rf8+ Ke6 {Precision: White = 73%, Black = 72%.} 1/2-1/2

[Event "GEO chT Clubs 2017"]
[Site "Tbilisi"]
[Date "2017.12.04"]
[Round "6"]
[White "Bechvaia, Giorgi"]
[Black "Benidze, Davit"]
[Result "1/2-1/2"]
[WhiteElo "1934"]
[BlackElo "2512"]
[Annotator "TA"]
[PlyCount "108"]
[EventDate "2017.??.??"]
[EventCountry "GEO"]
[SourceTitle "playchess.com"]
[Source "ChessBase"]
[SourceQuality "1"]

{[%evp 12,108,12,-6,0,-8,12,11,11,-8,25,-48,-50,-49,-62,-125,-116,-251,-254,-237,-141,-232,-237,-354,-235,-228,-206,-229,-233,-229,-156,-161,-162,-181,-183,-171,-168,-214,-211,-211,-202,-201,-201,-208,-208,-204,-204,-225,-218,-215,-171,-227,-227,-341,-347,-335,-326,-342,-325,-308,-298,-310,-312,-547,-463,-857,-831,-724,-436,-445,-443,-418,-432,-432,-332,-325,-298,-295,-291,-283,-277,-253,-253,-314,-279,-296,-254,-238,-240,-218,0,0,0,0,0,0,0,0,0]} 1. d4 Nf6 2. Bg5 e6 3. e4 h6 4. Bxf6 Qxf6 5. Nf3 d6 6. Nc3 Nd7 7. Bc4 {LiveBook: 17 Games} g5 {A46: 1 d4 Nf6 2 Nf3 e6: Torre, London and Colle Systems} 8. h3 Bg7 $146 ({Predecessor:} 8... h5 9. e5 dxe5 10. Ne4 Qg7 11. Nfxg5 Be7 12. h4 Qg6 13. Qd3 f5 14. Nc3 e4 15. Qd2 {1-0 (29) Arnold,M (2011)-Browne,W (2480) Los Angeles 2003}) 9. Qd2 a6 10. a4 b6 11. O-O-O ({White should try} 11. Ne2 $11) 11... Bb7 $15 12. Rhe1 O-O 13. Nh2 {[#]} (13. Qe3 $15) 13... b5 $1 $17 {[%mdl 512]} 14. axb5 (14. Ng4 $17 Qe7 15. Bb3) 14... axb5 $19 15. Bxb5 c6 (15... Ra1+ $19 16. Nb1 c6) 16. Bc4 (16. Ba4 $17) 16... c5 {[%cal Rc5d4]} 17. e5 (17. Nf3 $142) 17... dxe5 18. Ng4 Qf4 19. Qxf4 exf4 20. dxc5 Nxc5 21. f3 Rfc8 22. Ne5 Ra1+ 23. Kd2 Rxd1+ $1 24. Kxd1 Bxe5 $1 25. Rxe5 Nd7 26. Rb5 Ba6 ({Worse is} 26... Rxc4 27. Rxb7 Ne5 28. Kc1 $11) 27. Rxg5+ hxg5 28. Bxa6 {[%mdl 4096] Endgame KRN-KBN} Ra8 29. Bb5 Ra1+ 30. Ke2 Nb6 31. Bd3 (31. Ne4 {might work better.}) 31... f5 32. b4 (32. Kf2 $142) 32... Kf7 33. Kf2 Kf6 34. g3 fxg3+ 35. Kxg3 Ra3 36. Nb1 Ra4 37. c3 $2 (37. b5 {was the only defense.}) 37... Nd5 38. h4 (38. Bc4 $142) 38... gxh4+ 39. Kxh4 Nf4 40. Bc4 Ra1 41. Nd2 Rg1 42. b5 e5 {[%cal Be6e5,Be5e4,Be4f3][%mdl 32]} 43. b6 {[#] Now b7 and White clings on.} e4 $1 {[%mdl 512] ( -> ...exf3)} 44. b7 {[#]} (44. fxe4 Rg4#) 44... exf3 $1 {[%csl Gf5][%cal Rg1g4]} 45. Ne4+ Kg6 {[%csl Gf5][%cal Rg1g4]} 46. Nf2 ({Wrong is} 46. Bf7+ $2 Kxf7 47. Nf2 Ng6+ 48. Kh3 Rb1 $19) 46... Rb1 47. Ba6 {intending c4.} Ne6 48. Nd3 Nc7 49. Ne5+ {[#]} Kf6 $1 {[%cal Rf6e5]} 50. Nd7+ Ke6 $2 (50... Kg7 $19 51. Bd3 (51. b8=Q $2 Rxb8 52. Nxb8 Nxa6 $19) 51... Rxb7) 51. Bd3 $11 {The position is equal.} Kxd7 52. Bxb1 Na6 53. Bd3 Nb8 54. Bxf5+ Kc7 {Precision: White = 41%, Black = 73%.} 1/2-1/2

[Event "GEO chT Clubs 2017"]
[Site "Tbilisi"]
[Date "2017.12.04"]
[Round "6"]
[White "Tevzadze, Mariam"]
[Black "Charkhalashvili, Inga"]
[Result "1/2-1/2"]
[WhiteElo "1898"]
[BlackElo "2355"]
[Annotator "TA"]
[PlyCount "92"]
[EventDate "2017.??.??"]
[EventCountry "GEO"]
[SourceTitle "playchess.com"]
[Source "ChessBase"]
[SourceQuality "1"]

{[%evp 15,92,8,20,21,51,22,75,45,56,58,71,65,112,82,67,15,27,-4,-22,-37,-52,-51,-25,-44,-8,-57,-13,-31,-43,-254,-230,-366,-370,-362,-351,-352,-357,-379,-366,-368,-280,-367,-383,-332,-314,-350,-341,-387,-385,-543,-316,-321,-321,-331,-294,-275,0,-287,-176,-176,-154,-154,-154,-176,-162,-155,-162,-170,-176,-169,-169,-169,-154,-154,0,-147,-139,-139,0]} 1. d4 Nf6 2. c4 e6 3. Nc3 d5 4. cxd5 exd5 5. Bg5 c6 6. e3 h6 7. Bh4 Bd6 {D35: Queen's Gambit Declined: Exchange Variation} (7... Bf5 8. Bd3 Bxd3 9. Qxd3 Be7 10. Nge2 O-O 11. f3 Re8 12. O-O Nbd7 13. Rad1 b5 14. Bf2 Bf8 15. Ng3 Rc8 {1-0 (60) Duda,J (2706)-Meier,G (2655) Heraklio 2017}) 8. Bd3 Nbd7 {LiveBook: 3 Games} 9. Nge2 Nf8 {The position is equal.} 10. Qc2 Be6 $146 (10... Ne6 $11 {keeps the balance.}) ({Predecessor:} 10... Qe7 11. a3 Bd7 12. e4 g5 13. Bg3 dxe4 14. Nxe4 Nxe4 15. Bxe4 Bxg3 16. hxg3 {1-0 (56) Spielmann,R-Capablanca,J Karlsbad 1929}) 11. a3 g5 12. Bg3 Rg8 13. b4 Ng6 14. Bxd6 Qxd6 15. Bxg6 (15. b5 $14) 15... Rxg6 16. Ng3 h5 {[%cal Bh6h5,Bh5h4,Bh4h3][%mdl 32]} 17. Na4 h4 18. Ne2 b6 19. Rc1 Bd7 20. Nb2 h3 21. g3 Ng4 22. O-O $2 {[#]} (22. Nc3 $15) 22... Qf6 $1 $19 {[%cal Rf6f3] ( -> ...Qf3)} 23. f3 (23. Nd3 $142 Bf5 24. e4 Bxe4 25. f4) 23... Nxe3 24. Qd2 Nxf1 25. Rxf1 Qe7 26. Nc3 O-O-O 27. Nd3 Re6 28. a4 Re8 29. b5 Kb7 30. bxc6+ Bxc6 31. Rb1 {White hopes to continue with Nc5+.} Re3 32. Kf2 (32. Ne5 {keeps fighting.} Rxe5 33. dxe5) 32... Qf6 33. Qxe3 Rxe3 34. Kxe3 Qe7+ 35. Kd2 Qf6 36. Ke3 $1 Qh8 37. a5 f5 38. axb6 axb6 39. f4 gxf4+ 40. Nxf4 Qe8+ 41. Kd2 Qa8 42. Nd3 Kc7 43. Nf4 Qa5 44. Nd3 Qa8 $2 ({Black should play} 44... b5 $17 45. Nb4 Bd7 46. Ncxd5+ Kd6) 45. Rf1 (45. Nf4 $1 $11 {was the only way to keep the balance.}) 45... Bd7 46. Rb1 {[#]} Bc6 {Precision: White = 32%, Black = 43%.} (46... b5 $1 $17 47. Ne5 (47. Nxb5+ Bxb5) 47... Be8) 1/2-1/2

[Event "GEO chT Clubs 2017"]
[Site "Tbilisi"]
[Date "2017.12.04"]
[Round "6"]
[White "Zardiashvili, Akaki"]
[Black "Volkov, Nika"]
[Result "0-1"]
[WhiteElo "1880"]
[BlackElo "1982"]
[Annotator "NA RC"]
[PlyCount "88"]
[EventDate "2017.??.??"]
[EventCountry "GEO"]
[SourceTitle "playchess.com"]
[Source "ChessBase"]
[SourceQuality "1"]

1. e4 e6 2. d4 d5 3. Bd3 dxe4 4. Bxe4 Nf6 5. Bf3 c6 {C01: Französische Verteidigung (Abtauschvariante)} (5... c5 6. Ne2 Nc6 7. Be3 Nd5 8. Bxd5 Qxd5 9. Nbc3 Qxg2 10. Rg1 Qf3 11. Nb5 Rb8 12. dxc5 Bd7 13. Nc7+ Kd8 14. Nb5 {0-1 (54) Kramnik,V (2808)-Caruana,F (2808) Stavanger 2017}) 6. Ne2 Na6 7. O-O Bd6 $146 ({Vorgänger:} 7... Nb4 8. a3 Nbd5 9. c4 Ne7 10. Nbc3 Ng6 11. Ng3 Be7 12. Be3 Qc7 13. Rc1 {1-0 (38) Tudela Martinez,P-Alburquerque Sandoval,G Spain 1997}) 8. c4 O-O 9. c5 (9. Nbc3 $11) 9... Bc7 10. Nbc3 e5 11. dxe5 Bxe5 12. Be3 Qe7 13. Qc1 (13. Ng3 $142) 13... Nxc5 14. Nd5 Nxd5 15. Bxc5 Bd6 16. Bxd6 Qxd6 17. Rd1 Be6 18. Nd4 Qe5 19. Qc5 Rfd8 20. Nxe6 fxe6 21. Re1 Qf6 22. b4 Nf4 23. Qe3 Rd3 24. Qe4 Rad8 25. b5 cxb5 26. Qxb7 a5 27. Rab1 (27. Rac1 $142) 27... b4 (27... Rf8 $142 28. Qe4 b4) 28. Rb3 $2 (28. Rbd1 $17 {keeps fighting.}) 28... R3d7 29. Qb5 Qf5 30. Qb6 Rd6 31. Qa7 $19 (31. Qe3 $17) 31... Nd3 32. Rf1 Qc5 33. Qe7 Nxf2 34. Qh4 Ne4+ 35. Kh1 Qc4 36. Re1 Nd2 37. Bg4 Rf8 38. Rf3 Nxf3 39. gxf3 Qxa2 40. Qe7 Qd5 41. Kg1 h5 42. Bxh5 b3 43. Bg6 Qc5+ 44. Kh1 Qf2 0-1

[Event "GEO chT Clubs 2017"]
[Site "Tbilisi"]
[Date "2017.12.04"]
[Round "6"]
[White "Kitesashvili, Giorgi"]
[Black "Ghvamberia, Nika"]
[Result "0-1"]
[WhiteElo "1839"]
[BlackElo "2232"]
[Annotator "TA"]
[PlyCount "84"]
[EventDate "2017.??.??"]
[EventCountry "GEO"]
[SourceTitle "playchess.com"]
[Source "ChessBase"]
[SourceQuality "1"]

{[%evp 15,84,56,56,43,52,48,54,45,48,25,49,22,54,46,58,58,63,60,57,52,52,39,41,43,41,35,53,31,41,50,43,-10,-10,-15,0,-13,46,-13,-13,-20,-19,-20,-18,-14,-23,-29,-20,-56,-16,-14,-28,-14,-40,-26,-23,-52,-31,-68,-58,-90,-57,-120,-65,-1146,-1131,-29986,-829,-29987,-29987,-29991,-29992]} 1. e4 c5 2. Nf3 e6 3. d4 cxd4 4. c3 d3 5. Bxd3 Nc6 6. c4 d6 7. Nc3 Nf6 8. O-O Be7 {LiveBook: 8 Games. B21: Sicilian: 2 f4 and Morra Gambit} 9. Qe2 (9. Bf4 a6 10. Qd2 Nd7 11. Rfd1 Qc7 12. Bg5 Nf6 13. Bf1 Ne5 14. Qe2 O-O 15. Nd4 Ng6 16. g3 {0-1 (59) Valuet,B (2274)-Fedorchuk,S (2641) Paris 2017}) 9... a6 10. h3 O-O {White is slightly better.} 11. Bf4 Nd7 $146 ({Predecessor:} 11... Qc7 12. Rac1 Nh5 13. Bh2 b6 14. Nd5 exd5 15. cxd5 Bb7 16. dxc6 Bxc6 17. Nd4 Nf6 18. Nxc6 Rfc8 19. e5 dxe5 20. Bxe5 Qd7 21. Bf5 {1-0 (21) Gromovs,S (2233)-Rubini,A (1917) Fano 2012}) 12. Rac1 Nce5 13. Nxe5 Nxe5 14. Rfd1 Qc7 15. b3 b6 16. Be3 Bb7 17. Na4 Nd7 18. Bf4 Qb8 19. Bb1 Bc6 20. Nc3 Ne5 21. Bg3 Rd8 22. f4 Ng6 23. e5 (23. Nd5 $14 Ra7 24. Nxe7+ Rxe7 25. Qe3) 23... dxe5 $11 24. fxe5 Bc5+ 25. Kh2 Bd4 (25... Qc7 $11) 26. Be4 (26. Bxg6 $14 hxg6 27. Ne4) 26... Bxe5 27. Rxd8+ Qxd8 28. Bxe5 Nxe5 {[#]} 29. Bxh7+ $1 {[%mdl 512]} Kxh7 30. Qxe5 Qd2 {[%csl Gc6][%cal Rd2g2]} 31. Rg1 Kg8 $40 {[%mdl 128] White needs to defend precisely.} 32. Qc7 Bxg2 33. Rxg2 Qxc3 34. Qxb6 {[%mdl 4096] Endgame KQR-KQR} Qe5+ 35. Kh1 a5 36. Rf2 f5 37. Kg2 Rf8 38. Kf1 ({Better is} 38. Qc6 $1 $15) 38... Rb8 ({Black should play} 38... Qa1+ $17 39. Ke2 Qxa2+ 40. Kf3 Qb1 41. Qxe6+ Kh7) 39. Qa7 $2 {[%mdl 8192]} (39. Qc6 $15) 39... Rd8 $19 40. Qb7 Rd1+ 41. Kg2 Qe1 42. Kg3 {[#]} f4+ $1 {[%mdl 512] Precision: White = 36%, Black = 62%.} 0-1

[Event "GEO chT Clubs 2017"]
[Site "Tbilisi"]
[Date "2017.12.04"]
[Round "6"]
[White "Bechvaia, Maia"]
[Black "Khotenashvili, Bela"]
[Result "0-1"]
[WhiteElo "1785"]
[BlackElo "2455"]
[Annotator "TA"]
[PlyCount "74"]
[EventDate "2017.??.??"]
[EventCountry "GEO"]
[SourceTitle "playchess.com"]
[Source "ChessBase"]
[SourceQuality "1"]

{[%evp 12,74,21,18,52,15,26,-8,0,-37,-19,-78,-39,-66,-53,-79,-60,-65,-35,-104,-102,-95,-114,-147,-122,-128,-123,-122,-107,-157,-146,-145,-145,-141,-93,-136,-135,-136,-122,-180,-168,-183,-175,-220,-206,-265,-289,-229,-239,-272,-231,-228,-220,-514,-499,-549,-590,-767,-767,-904,-899,-1174,-980,-963,-960]} 1. e4 c6 2. d4 d5 3. e5 Bf5 4. Bd3 Bxd3 5. Qxd3 e6 6. Nf3 Ne7 7. O-O Ng6 {B12: Caro-Kann: Advance Variation} (7... Nd7 8. b3 c5 9. c3 Nc6 10. Bb2 Rc8 11. a3 Na5 12. b4 Nc4 13. Bc1 cxb4 14. cxb4 a5 15. b5 a4 {0-1 (54) Nikolic,R (2217)-Zivkovic,M (2132) Belgrade 2015}) 8. c3 Be7 9. b4 $146 ({Predecessor:} 9. Be3 O-O 10. Nbd2 Nd7 11. Rfc1 c5 12. Nf1 c4 13. Qe2 Qc7 14. b3 b5 15. Rab1 {0-1 (65) Maciel,D (1742)-Both,V (1800) Rio de Janeiro 2012}) 9... a5 {The position is equal.} 10. Bd2 Nd7 11. Qc2 (11. b5 $11 {remains equal.}) 11... Nb6 12. a4 O-O 13. g3 f6 14. exf6 Bxf6 15. Kg2 ({White should try} 15. bxa5 $15 Nc4 16. Bc1) 15... e5 $36 {[%mdl 2048] Black has strong initiative.} 16. dxe5 Nxe5 17. Nd4 Qd7 18. bxa5 Nbc4 19. Na3 c5 {Threatens to win with ...Nxa3.} 20. Ne2 Qc6 {...Nf3! is the strong threat.} 21. f3 Rxa5 22. Nxc4 Nxc4 23. Bf4 Re8 24. Rf2 Rea8 {[%cal Ra5a4]} 25. Qf5 (25. Bc1 $17) 25... Rxa4 $19 26. Rxa4 Rxa4 27. Bg5 Ra8 28. Kg1 Bxg5 29. Qxg5 h6 30. Qc1 Ne5 {And now ...d4! would win.} 31. Qe3 {[#]} Re8 $1 32. Qd2 $2 {[#]} (32. Rf1) 32... d4 $1 {[%mdl 512] Black is clearly winning.} 33. Qa2+ (33. cxd4 Nxf3+) 33... Kh8 34. cxd4 Nxf3+ 35. Kf1 Nxd4 36. Kg1 Nf3+ 37. Kf1 Ng5 {Precision: White = 33%, Black = 64%.} 0-1

[Event "GEO chT Clubs 2017"]
[Site "Tbilisi"]
[Date "2017.12.04"]
[Round "6"]
[White "Imerlishvili, Tamar"]
[Black "Janiashvili, Mariami"]
[Result "0-1"]
[WhiteElo "1243"]
[BlackElo "1995"]
[Annotator "NA RC"]
[PlyCount "106"]
[EventDate "2017.??.??"]
[EventCountry "GEO"]
[SourceTitle "playchess.com"]
[Source "ChessBase"]
[SourceQuality "1"]

1. e4 d5 2. exd5 Qxd5 3. Nc3 Qa5 4. Nf3 Nf6 5. Be2 Bg4 6. Nd4 {B01: Scandinavian Defence} (6. h3 Bh5 7. b4 Qb6 8. a4 c6 9. b5 e6 10. a5 Qc7 11. a6 Be7 12. axb7 Qxb7 13. g4 Bg6 14. Nd4 {0-1 (33) Bernadskiy,V (2411)-Wang,C (2390) Moscow 2010}) 6... Qe5 7. Ndb5 $146 ({Predecessor:} 7. Nb3 Nbd7 8. O-O Bf5 9. Re1 c6 10. d3 e6 11. a3 O-O-O 12. Bh5 Qc7 13. Bxf7 Bd6 14. g3 Ne5 15. Bxe6+ Bxe6 16. Nd4 Bg4 17. f3 Bc5 18. fxg4 Bxd4+ 19. Kg2 Nexg4 {0-1 (19) Vandekerckhove,A (1327)-Van Splunter,J (1541) Hengelo 2005}) 7... Na6 (7... Bxe2 $1 $11 {remains equal.} 8. Qxe2 Qxe2+ 9. Nxe2 Kd7) 8. d4 Bxe2 $1 9. Qxe2 Qxe2+ 10. Nxe2 c6 11. Na3 e6 12. c3 Bxa3 $1 13. bxa3 O-O 14. O-O c5 15. Rb1 b6 16. Bf4 cxd4 17. cxd4 Nd5 18. Bg3 Rfc8 19. Rbc1 Kf8 20. Rxc8+ Rxc8 21. Rc1 Rxc1+ 22. Nxc1 Ke7 23. Kf1 Kd7 24. Ke2 Nac7 25. Nd3 f6 26. Bxc7 Kxc7 27. Kd2 Kc6 28. a4 Ne7 29. Nf4 Kd6 30. Kd3 Nd5 31. Nxd5 Kxd5 32. f4 h5 33. g3 g6 34. h3 f5 35. h4 a6 36. a3 $19 (36. a5 $1 $11 b5 37. a3) 36... a5 37. Kc3 Ke4 38. Kc4 Kf3 39. Kb5 Kxg3 40. Kxb6 Kxh4 41. Kxa5 Kg3 42. d5 exd5 43. Kb4 h4 44. a5 h3 45. a6 h2 46. a7 h1=Q 47. a8=Q Qe4+ 48. Kb5 Qc4+ 49. Kb6 d4 50. a4 d3 51. Qe8 Qd4+ 52. Ka5 d2 53. Qxg6+ Kf2 0-1

[Event "GEO chT Clubs 2017"]
[Site "Tbilisi"]
[Date "2017.12.05"]
[Round "7"]
[White "Pantsulaia, Levan"]
[Black "Lomsadze, Davit"]
[Result "0-1"]
[WhiteElo "2591"]
[BlackElo "2332"]
[Annotator "TA"]
[PlyCount "94"]
[EventDate "2017.??.??"]
[EventCountry "GEO"]
[SourceTitle "playchess.com"]
[Source "ChessBase"]
[SourceQuality "1"]

{[%evp 12,94,51,51,56,51,58,57,60,57,63,57,63,64,62,60,64,70,81,48,60,47,129,135,157,154,164,170,165,148,199,153,183,185,261,255,257,209,354,161,375,221,215,185,293,225,222,230,232,241,267,98,278,250,412,53,58,85,52,65,197,-7,0,0,0,0,0,-392,-360,-939,-947,-630,-587,-29975,-29976,-29976,-29977,-29977,-29978,-29976,-29976,-29939,-29966,-6095,-5213]} 1. Nf3 g6 2. e4 Bg7 3. d4 d6 4. Bc4 a6 5. O-O e6 6. Re1 {B06: Modern Defence} Ne7 (6... Nf6 7. e5 dxe5 8. Nxe5 O-O 9. Bg5 h6 10. Bh4 c5 11. Qf3 cxd4 12. Nd2 Nbd7 13. Nxf7 Rxf7 14. Bxe6 {1-0 (47) Kramnik,V (2769)-Caruana,F (2829) London 2014}) 7. c3 {LiveBook: 3 Games} h6 8. h3 $146 {White is slightly better.} ({Predecessor:} 8. Nbd2 Nd7 9. Nf1 O-O 10. Bb3 c5 11. Bf4 cxd4 12. cxd4 Nf6 13. h3 b5 {½-½ (76) Petkov,V (2490)-Bratanov,Z (2457) Teteven 2011}) 8... Nd7 9. Bf4 b6 10. Nbd2 {[%cal Bb1d2,Bd2c4,Bc4e3,Be3f5,Bf5g7][%mdl 32]} Bb7 11. Qe2 g5 12. Bg3 Ng6 13. Bd3 e5 14. Nc4 Nf4 15. Qf1 h5 16. Ne3 Bf6 (16... g4 $14 17. hxg4 hxg4 18. Nxg4 Nf6) 17. Nf5 Nf8 18. dxe5 Bxe5 19. Nxe5 dxe5 20. Ng7+ Ke7 (20... Kd7 $16 21. Red1 Kc8) 21. Rad1 Qc8 22. Nf5+ Kf6 23. h4 {Hoping for hxg5+.} N8g6 24. hxg5+ Kxg5 25. Bc2 (25. Bxf4+ $142 exf4 26. Bc4) 25... b5 $2 (25... h4) 26. f3 (26. Bxf4+ $142 exf4 27. f3) 26... h4 $18 27. Bh2 c5 (27... Qe6 {is a better defense.}) 28. Qf2 Qc7 29. Rd6 Bc8 {next ...Bxf5 is good for Black.} 30. Red1 Be6 31. a3 $2 (31. Qd2 $18 {and White stays clearly on top.}) 31... c4 $2 (31... Rhd8 $16) 32. Kh1 Rad8 $2 (32... a5 33. Qd2 Rag8) 33. Bxf4+ $2 (33. g3 $18 hxg3 34. Qxg3+ Kf6 35. Rxd8 Rxd8 36. Rg1) 33... exf4 $14 34. Qd4 Rxd6 35. Nxd6 {Qg7 is the strong threat.} h3 (35... f6 $14) 36. Qg7 $2 (36. Rg1 $1 $18 h2 37. Re1) 36... Qc5 37. Rd4 Kh4 38. Nxf7 Bxf7 $40 {[%mdl 128] [#] Black mounts an attack.} 39. Qxf7 $4 {[%mdl 8192]} (39. g3+ $1 $11 {[%mdl 512] and White has nothing to worry.} Kxg3 (39... fxg3 40. e5+) 40. Qxf7) 39... Qg5 $19 {[%csl Gh3][%cal Rg5g2]} 40. Rd2 $2 (40. g4 Ne5 41. Qf5 Nxf3 42. Rd1) 40... Kg3 41. Kg1 Nh4 {( -> ...Nxf3+!)} 42. Qa7 {[%csl Gd2,Gg1][%cal Ra7f2] [#]} Nxf3+ $1 {[%mdl 512]} 43. gxf3 Kxf3+ 44. Kf1 {[#]} Qg2+ $3 {[%mdl 512]} 45. Rxg2 hxg2+ 46. Ke1 Rh1+ 47. Kd2 g1=Q {Precision: White = 51%, Black = 51%.} 0-1